Statistiken für Bombardierte Städte im Zweiten Weltkrieg

Klicken Sie hier um das Quiz zu spielen!

Allgemein

  • Dieses Quiz wurde 81 mal gespielt
  • Das Durchschnittsergebnis liegt bei 4 aus 7

Antwortstatistiken

#Antwort% Korrekt
50.000Berlin
96%
25.000Dresden
84%
42.600Hamburg
81%
40.000London
58%
39.000Nagasaki
39%
70.000Hiroshima
38%
120.000Tokio
24%

Verteilung der Resultate

Perzentil nach korrekt beantworteten Fragen

Anzahl Personen mit jedem Resultat

Ihre Resultats-Entwicklung

Sie haben dieses Quiz noch nicht gespielt